1555 1825 1054 1319 1561 1209 1416 1983 1585 1698 1721 1441 1735 1800 1007 1459 1648 1633 1178 1875 1039 1748 1144 1380 1457 1000 1542 1934 1036 1074 1619 1607 1817 1970 1191 1735 1929 1686 1213 1804 1144 1848 1246 1964 1514 1327 1571 1400 1172 1384 1214 1594 1602 1217 1345 1484 1825 1176 1111 1353 1177 1759 1614 1136 1529 1150 1640 1887 1022 1055 1124 1859 1871 1020 1174 1608 1053 1099 1527 1454 1757 1800 1347 1637 1791 1739 1231 1866 1632 1083 1259 1157 1058 1980 1493 1642 1037 1646 1128 BCNSPRNW ULIB Ver.6.0+V

เปลี่ยนเป็นภาษาไทย

Change to English
 แสดงรายละเอียดบรรณานุกรม
  กลับหน้าหลัก

Brief Record : Get Marc (ISO 2709) : E-mail record : QR code < ปิดหน้าต่าง
LEADER : 00000nam 2200000uu 4500
001    13399113503
003     ULIB
008    111122s2552||||th 000 0 tha d
020    ^a9786160600182
090    ^aนว.^bล734จ 2552
100 0  ^aจวี้ยน
245 00 ^aจักรพรรดิบัญชา/^cจวี้ยน
250    ^aพิมพ์ครั้งที่ 1
260    ^aกรุงเทพฯ :^bแจ่มใส,^c2552
300    ^a315 หน้า
710 1  ^aแจ่มใส
945    ^p209^l0^i16292
995    ^aกัณชพร
999    ^aใช้งานได้ทุกระบบ
รายการนี้ยังไม่มีแท็ก
คุณยังไม่ได้ล็อกอิน คุณสามารถมีกิจกรรมร่วมกับเว็บไซต์ได้ แต่ต้องล็อกอินก่อน ::
  ล็อกอิน

รายการสื่อสารสนเทศ

ลำดับที่ ประเภท เลขเรียก/บาร์โค้ด สถานที่ สถานะ
1. นวนิยาย
นวนิยาย
นว. ล734จ 2552  
  Barcode: 16292
ห้องสมุดวิทยาเขตสวรรค์ประชารักษ์
►นวนิยาย
บนชั้น
  ขอยืม

BibComment


ยังไม่เคยถูกคอมเมนท์

คอมเมนท์ทรัพยากรรายการนี้
  คอมเมนท์: จักรพรรดิบัญชา จ..


 Copyright 2026. Bcnsprnw @Library